Trinité et Tobago pour les touristes... - Statistiques

Statistiques générales
  • Ce quiz a été pris 6 fois
  • Le résultat moyen est 6 sur 20
Statistiques - réponses
Question Indice Réponses % Correct
Quelle est la langue officielle ? Anglais
100%
Autres langues parlées Espagnol
100%
Autres langues parlées Français
67%
Combien d'heures (environ) mettrez-vous pour vous y rendre ? (en chiffres) 10
33%
La vitesse est limitée hors des villes à {110} km/h
33%
Dans la capitale quel est le décalage horaire avec Paris ? (+ ou - et chiffre) ex - 10 - 6
33%
La religion majoritaire est Catholicisme
33%
Achats à faire 2/ Pour assaisonner Epices
33%
La conduite se fait à droite ou à gauche ? Gauche
33%
Autres langues parlées Hindi
33%
Avez-vous besoin d'un visa ? (oui/non) Non
33%
Achats à faire 1/ Vêtement traditionnel indien Sari
33%
Quel est le climat local ? T Tropical
33%
Le suffixe internet est tt
33%
Comment se nomme la principale compagnie aérienne locale C A Caribbean Airlines
0%
Quelles sont les principaux lieux touristiques ? C {Cascades} de Trinidad
0%
Quelle est la monnaie ? Dollar de Trinité et Tobago
0%
Le principal aéroport est P Piarco
0%
Quelles sont les principaux lieux touristiques ? A Plage {Ancon}
0%
Quelles sont les principaux lieux touristiques ? L I Vallée de {Los Ingenios}
0%
Aucun quiz correspondant
Distribution des résultats
% des personnes avec chaque résultat
Percentile par nombre de réponses
Votre historique - résultats
Vous n’avez pas pris ce quiz